00695nam a2200193 a 450000100100000000500170001000800410002704000250006808200160009310000300010924500530013925000110019226000340020330000270023749000180026483000250028295201770030799900170048400004733620201002053547.0180503s1988 dr a r 000 0 spa d aDO-SdBNPbspacBNPHU axxxxbG939p1 aGuevara, Nicolás92222414aLas piernas de mi poesía /cNicolás Guevara. a2a ed. aSanto Domingo :bs.n.,c1988. a75 p. :bil. ;c24 cm.1 aEl vecindario 0aEl vecindario958733 0010718PDaPDbPDcHDd2018-05-03iLF1l0oxxxx G939pp47336-10r2020-06-25w2020-06-25yLFPDzPerteneció a la biblioteca personal de Francisco Cacéres.ZNo se presta c46824d46824